Geography Quiz

Random Geography or World Quiz
Score 0/8 Timer 01:00
9 Plays Today
Length Country/Countries % Correct
10Micronesia, Mauritania, Madagascar, Mozambique, Montenegro
90.5%
4Mali
87.8%
6Monaco, Mexico, Malawi
83.5%
7Moldova, Morocco, Myanmar
75.1%
8Mongolia, Maldives, Malaysia
68.8%
9Mauritius
62%
5Malta
56.2%
15Marshall Islands
38.2%
Remove Ads.
Support Sporcle.
Get the best of Sporcle when you Go Orange. This ad-free experience offers more features, more stats, and more fun while also helping to support Sporcle. Thank you for becoming a member.

You're not logged in!

Compare scores with friends on all Sporcle quizzes.
OR
Log In

Sporcle TV

Today on Sporcle TV


Watch our educational content, quiz creation guides, and fun videos on Sporcle TV.

Show Comments

Extras

Top Quizzes Today


Score Distribution

Paid Content

Your Account Isn't Verified!

In order to create a playlist on Sporcle, you need to verify the email address you used during registration. Go to your Sporcle Settings to finish the process.

Report this User

Report this user for behavior that violates our Community Guidelines.

Details: